Chemical composition of Missouri coals /

Bibliographic Details
Main Author: Wedge, W. K. (William Keith)
Other Authors: Hatch, Joseph R.
Format: Book
Language:English
Published: Rolla, MO : Missouri Dept. of Natural Resources, Division of Geology and Land Survey, 1980.
Series:Report of investigations (Missouri. Geological Survey) ; no. 63.
Subjects:

MARC

Tag First Indicator Second Indicator Subfields
LEADER 00000cam a2200000 a 4500
001 in00000087223
005 20151008062841.0
008 820127s1980 moua b s00010 eng
010 |a  80620015  
035 |a (OCoLC)06682502 
035 |9 AAK1066AM 
039 0 |a 2  |b 3  |c 3  |d 3  |e 3 
040 |a DLC  |c DLC  |d TXA  |d UtOrBLW 
043 |a n-us-mo 
049 |a TXAM  |c [1806004] 
050 0 0 |a TP326.U5  |b W43 
082 0 |a 662.6/229778  |2 19 
090 |a QE131  |b  A25 no.63 
100 1 |a Wedge, W. K.  |q (William Keith) 
245 1 0 |a Chemical composition of Missouri coals /  |c W. Keith Wedge, Joseph R. Hatch. 
264 1 |a Rolla, MO :  |b Missouri Dept. of Natural Resources, Division of Geology and Land Survey,  |c 1980. 
300 |a vii, 102 pages :  |b illustrations ;  |c 28 cm. 
336 |a text  |b txt  |2 rdacontent 
337 |a unmediated  |b n  |2 rdamedia 
338 |a volume  |b nc  |2 rdacarrier 
490 1 |a Report of investigations / Missouri Dept. of Natural Resources, Division of Geology and Land Survey ;  |v no. 63 
504 |a Bibliography: pages 29-30. 
650 0 |a Coal  |z Missouri  |x Analysis. 
700 1 |a Hatch, Joseph R. 
830 0 |a Report of investigations (Missouri. Geological Survey) ;  |v no. 63. 
999 |a MARS 
999 f f |s 2690286e-eaeb-33fc-b129-e077e752349a  |i 1ab1cba8-0606-388f-9fc9-473154e8f722  |t 0 
952 f f |p ric  |a Texas A&M University  |b Rellis Campus  |c Joint Library Facility  |d Remote Storage  |t 0  |e QE131 A25 no.63  |h Library of Congress classification  |i unmediated -- volume  |m A14805982903 
998 f f |a QE131 A25 no.63  |t 0  |l Remote Storage